Exploring maths 4 : (Record no. 12057)
[ view plain ]
| 000 -LEADER | |
|---|---|
| fixed length control field | 00724nam a22002297a 4500 |
| 003 - CONTROL NUMBER IDENTIFIER | |
| control field | OSt |
| 005 - DATE AND TIME OF LATEST TRANSACTION | |
| control field | 20140310182336.0 |
| 008 - FIXED-LENGTH DATA ELEMENTS--GENERAL INFORMATION | |
| fixed length control field | 130925t xxu||||| |||| 00| 0 eng d |
| 020 ## - INTERNATIONAL STANDARD BOOK NUMBER | |
| International Standard Book Number | 9781405844147 |
| 050 ## - LIBRARY OF CONGRESS CALL NUMBER | |
| Classification number | QA 11.135 |
| Item number | .St896c 2008 |
| 100 ## - MAIN ENTRY--PERSONAL NAME | |
| Personal name | Straker, Anita. |
| 9 (RLIN) | 21533 |
| 245 ## - TITLE STATEMENT | |
| Title | Exploring maths 4 : |
| Remainder of title | class book / |
| Statement of responsibility, etc | Anita Straker. |
| 260 ## - PUBLICATION, DISTRIBUTION, ETC. (IMPRINT) | |
| Place of publication, distribution, etc | Great Britain, Scotprint : |
| Name of publisher, distributor, etc | Pearson Longman, |
| Date of publication, distribution, etc | c2008. |
| 300 ## - PHYSICAL DESCRIPTION | |
| Extent | iv. 346 p. : |
| Other physical details | ill. col. ; |
| Dimensions | 28 cm. |
| 500 ## - GENERAL NOTE | |
| General note | Includes Index |
| 651 ## - SUBJECT ADDED ENTRY--GEOGRAPHIC NAME | |
| Geographic name | Measurements |
| General subdivision | Mathematics |
| 9 (RLIN) | 21570 |
| 651 ## - SUBJECT ADDED ENTRY--GEOGRAPHIC NAME | |
| Geographic name | Mathematical shapes |
| General subdivision | mathematics |
| 9 (RLIN) | 21571 |
| 651 ## - SUBJECT ADDED ENTRY--GEOGRAPHIC NAME | |
| Geographic name | Formulae |
| General subdivision | Mathematics |
| -- | Formulas |
| 9 (RLIN) | 21572 |
| 942 ## - ADDED ENTRY ELEMENTS (KOHA) | |
| Source of classification or shelving scheme | Library of Congress Classification |
| Koha item type | |
| Withdrawn status | Lost status | Source of classification or shelving scheme | Damaged status | Home library | Current library | Shelving location | Date acquired | Total Checkouts | Full call number | Barcode | Date last seen | Copy number | Price effective from | Koha item type | Total Renewals | Date checked out | Source of acquisition |
|---|---|---|---|---|---|---|---|---|---|---|---|---|---|---|---|---|---|
| Library of Congress Classification | Luxembourg Library | Luxembourg Library | Teachers Reference Section | 09/25/2013 | QA 11.135 .St896c 2008 | 19523 | 03/04/2019 | 1 | 09/25/2013 | Books | |||||||
| Library of Congress Classification | Luxembourg Library | Luxembourg Library | Teachers Reference Section | 09/25/2013 | 1 | QA 11.135 .St896c 2008 | 19525 | 03/24/2015 | 2 | 09/25/2013 | Books | 4 | 06/05/2014 | ||||
| Library of Congress Classification | Luxembourg Library | Luxembourg Library | Teachers Reference Section | 06/04/2014 | 2 | QA 11.135 .St896c 2008 | 19524 | 10/09/2015 | 3 | 06/04/2014 | Books | 5 | 05/29/2015 | Donation |